Central Library OPAC University of Rajshahi

Theoretical Physics / (Record no. 8476)

MARC details
000 -LEADER
fixed length control field 00676nam a2200229 a 4500
001 - CONTROL NUMBER
control field 8476
003 - CONTROL NUMBER IDENTIFIER
rucl marc code BD-RjUL
005 - DATE AND TIME OF LATEST TRANSACTION
control field 20211208234609.0
008 - FIXED-LENGTH DATA ELEMENTS--GENERAL INFORMATION
fixed length control field 140118s1961 ||||||||s|||||||| ||||| d
035 ## - SYSTEM CONTROL NUMBER
System control number (BD-jRUL)8521
040 ## - CATALOGING SOURCE
Original cataloging agency WaSeSS
Transcribing agency WaSeSS
Modifying agency WaSeSS
-- BD-jRUL
Language of cataloging eng
041 ## - LANGUAGE CODE
Language code of text/sound track or separate title eng
082 ## - DEWEY DECIMAL CLASSIFICATION NUMBER
Classification number 530.15
Author mark and year KOT 1961
Edition number 23
100 10 - MAIN ENTRY--PERSONAL NAME
Personal name Kompaneyets, A. S.
9 (RLIN) 26395
245 10 - TITLE STATEMENT
Title Theoretical Physics /
Statement of responsibility, etc. Kompaneyets, A. S.
260 ## - PUBLICATION, DISTRIBUTION, ETC. (IMPRINT)
Place of publication, distribution, etc. [S.l.] :
Name of publisher, distributor, etc. Foreign Languages Publishing House,
Date of publication, distribution, etc. 1961.
300 ## - PHYSICAL DESCRIPTION
Pagination 616p. :
Illustrations ill ;
Size 22 cm.
500 ## - GENERAL NOTE
General note Includes index
506 ## - RESTRICTIONS ON ACCESS NOTE
Terms governing access License restrictions may limit access.
650 ## - SUBJECT ADDED ENTRY--TOPICAL TERM
Topical term or geographic name as entry element Mathematical physics.
9 (RLIN) 1138
942 ## - ADDED ENTRY ELEMENTS (KOHA)
Source of classification or shelving scheme Dewey Decimal Classification
Koha item type Books
Holdings
Lost status Source of classification or shelving scheme Damaged status Not for loan Collection code Permanent Location Current Location Shelving location Date acquired Source of acquisition Cost, normal purchase price Total Checkouts Full call number Date last seen Copy number Koha item type
  Dewey Decimal Classification     Non-fiction Central Library, University of Rajshahi Central Library, University of Rajshahi   03/03/1967 Shilpo Niketon 9.00   530.15 KOT 1961 18/01/2014 C-2 Books
  Dewey Decimal Classification     Non-fiction Central Library, University of Rajshahi Central Library, University of Rajshahi   30/06/1981 U.S.Govt. 50.00   530.15 KOT 1965 03/09/2016 C-3 Books
  Dewey Decimal Classification     Non-fiction Central Library, University of Rajshahi Central Library, University of Rajshahi   30/06/1981 U.S.Govt.     530.15 KOT 1961 03/09/2016 C-4 Books
  Dewey Decimal Classification     Non-fiction Central Library, University of Rajshahi Central Library, University of Rajshahi   08/11/1965 Zeit. 21.00   530.15 KOT 1961 03/09/2016 C-5 Books
  Dewey Decimal Classification     Non-fiction Central Library, University of Rajshahi Central Library, University of Rajshahi   08/11/1965 Zeit. 21.00   530.15 KOT 1961 03/09/2016 C-6 Books
  Dewey Decimal Classification     Non-fiction Central Library, University of Rajshahi Central Library, University of Rajshahi   03/03/1967 Shilpa Niketan 4.44   530.15 KOT 1961 18/09/2016 C-7 Books
  Dewey Decimal Classification     Non-fiction Central Library, University of Rajshahi Central Library, University of Rajshahi   23/05/1967 Reviled agency 9.00   530.15 KOT 1961 22/09/2016 C-8 Books